UBT Library

American literature / (Record no. 41547)

000 -LEADER
fixed length control field 00784cam a2200253 a 4500
001 - CONTROL NUMBER
control field 13273745
005 - DATE AND TIME OF LATEST TRANSACTION
control field 20180201084308.0
008 - FIXED-LENGTH DATA ELEMENTS--GENERAL INFORMATION
fixed length control field 030714s2004 nyub b 001 0 eng
010 ## - LIBRARY OF CONGRESS CONTROL NUMBER
LC control number 2003058108
020 ## - INTERNATIONAL STANDARD BOOK NUMBER
International Standard Book Number 0321116232 (v. 1)
020 ## - INTERNATIONAL STANDARD BOOK NUMBER
International Standard Book Number 0321116240 (v. 2)
040 ## - CATALOGING SOURCE
Original cataloging agency DLC
Transcribing agency DLC
Modifying agency DLC
041 ## - LANGUAGE CODE
Language code of text/sound track or separate title eng
043 ## - GEOGRAPHIC AREA CODE
Geographic area code n-us---
080 ## - UNIVERSAL DECIMAL CLASSIFICATION NUMBER
Universal Decimal Classification number 810.8 CAI
082 00 - DEWEY DECIMAL CLASSIFICATION NUMBER
Classification number 810.8 CAI
Edition number 22
100 ## - Rafti
Rafti 21
101 ## - Shkurtesa
Shkurtesa GJL
245 00 - TITLE STATEMENT
Title American literature /
Statement of responsibility, etc edited by William E. Cain.
504 ## - BIBLIOGRAPHY, ETC. NOTE
Bibliography, etc Includes bibliographical references and index.
906 ## - LOCAL DATA ELEMENT F, LDF (RLIN)
a 7
b cbc
c orignew
d 1
e ocip
f 20
g y-gencatlg
942 ## - ADDED ENTRY ELEMENTS (KOHA)
Source of classification or shelving scheme
Item type Books
Holdings
Withdrawn status Lost status Source of classification or shelving scheme Damaged status Not for loan Collection code Permanent location Current location Shelving location Date acquired Total Checkouts Full call number Barcode Date last seen Price effective from Koha item type
          Koleksioni i përgjithshem UBT - Lipjan UBT - Lipjan Koleksioni i përgjithshem 02/01/2018   810.8 CAI 002-2997686 02/01/2018 02/01/2018 Books
UBT Library © 2015-2024. All rights reserved University Education for Business and Technology